Statistiche per Riconosci il Calciatore - Quiz n°51

Clicka qui per fare il quiz!

Statistiche generali

  • Questo quiz è stato fatto 8 volte
  • Il punteggio medio è 8 su 18

Statistiche sulle risposte

IndizioRisposta% Corretto
Squadra di club 5Brighton 2020-
86%
RuoloCentrocampista / Ala
86%
NazionalitàInghilterra
86%
Data di nascita10/05/1988
71%
Trofei per clubFootball League Trophy: 1
Southampton: 2009-2010
Campionato inglese: 1
Liverpool: 2019-2020
UEFA Champions League: 1
Liverpool: 2018-2019
Supercoppa UEFA: 1
Liverpool: 2019
Coppa del mondo per club: 1
Liverpool: 2019
57%
Squadra di club 3Southampton 2008-2014
57%
Trofei individuali0
43%
Squadra di club 4Liverpool 2014-2020
43%
Trofei per nazionali0
29%
Altezza172 cm
29%
Presenze in nazionale34
29%
Peso73 kg
29%
Gol nei club86
29%
Squadra di club 2Bournemouth 2007-2008
29%
Squadra di club 1Southampton 2006-2007
29%
Gol in nazionale3
14%
Presenze nei club534
14%
CalciatoreAdam Lallana
14%

Distribuzione punteggi

Percentile per numero di risposta

Percentuale di utenti per punteggio

I tuoi punteggi nel tempo

Non hai fatto questo quiz